000 00565nam a22001935i 4500
001 171818
003 ES-MaACL
005 20230906214735.0
008 090602s1939 sp |||| | spa d
080 _a321.64-66
100 1 _aSolmi, Arrigo.
_9107233
245 1 0 _aOrigen y formas del nuevo estado /
_cArrigo Solmi.
260 _aValladolid :
_bSantaren,
_c[1939]
300 _a137 p. ;
_c23 cm.
490 1 _aColección Cardenal Albornoz
830 0 _aColección Cardenal Albornoz
_9223217
852 _aES-MaACL
_jE-1806
_9R.17047
999 _c171818
_d171818